| 000 | 00681cam a22002411 4500 | ||
|---|---|---|---|
| 001 | 7006807 | ||
| 003 | GBCCL | ||
| 005 | 20241126110337.0 | ||
| 008 | 780708s1958 nju 000 0 eng | ||
| 010 | _a 58005344 | ||
| 035 | _a(OCoLC)4032156 | ||
| 040 |
_aDLC _cOkEG _dOCoLC _dDLC |
||
| 042 | _apremarc | ||
| 050 | 0 | 0 |
_aBS415 _b.T6 |
| 082 |
_a220.081 _bTOR |
||
| 100 | 1 |
_aTorrey, R. A. _q(Reuben Archer), _d1856-1928 _9598 |
|
| 245 | 0 | 0 |
_aYou and your Bible; _ban anthology of R. A. Torrey. |
| 260 |
_aGrand Rapids : _bBaker book house, _c1968 |
||
| 300 |
_a220 p. ; _c22 cm. |
||
| 630 | 0 | 0 |
_aBible. _9599 |
| 906 |
_a7 _bcbc _coclcrpl _du _encip _f19 _gy-gencatlg |
||
| 942 |
_2ddc _cBK _09 |
||
| 999 |
_c420 _d420 |
||